00430nam a22001577a 450000500170000001000150001702000260003203500140005803700130007208200080008510000150009324500350010826000380014327000660018130000250024720171026170258.0 aENG-120922 c895.00a9789380033181 aEN-104454 bDBAD/PUB a332 aYadav,R.J. aMicrofinance /cby R.J. Yadav aJaipurbParadise Publishersc2011 aA-436 A, Satlaj Path, Tara Nagar "A" JhotwarabJaipure302012 av,232p.c22cm(Hb)b